000 00552nam a22002177a 4500
003 UA-OsUOA
001 43372
007 ta
008 20090622b un ||||| |||| 00| 0 ukr d
090 _a23/28
_bТ14
942 _cBK
040 _aUA-OsUOA
_bukr
_cUA-OsUOA
_dUA-OsUOA
245 _aТайна віків і хід їх подій
300 _a240 с.
955 _a4
041 _aukr
080 _a23/28
260 _aВінніпег
650 7 _a23/28 Християнство. Християнська релігія
_2UDC
999 _c441847
_d441847